Die Oberitalienischen Seen auf einer Karte - Statistiken

Allgemein
  • Dieses Quiz wurde 113 mal gespielt
  • Das Durchschnittsergebnis liegt bei 4 aus 8
Antworten auf der Karte
Die Antworten werden auf der Karte rot bzw. grün angezeigt, abhängig davon wie oft sie richtig erraten wurden.
 
Antwortstatistiken
Fläche See % Korrekt
370 km² Gardasee
98%
146 km² Comer See
88%
213 km² Lago Maggiore
88%
49 km² Luganersee
64%
65 km² Iseosee
44%
18 km² Ortasee
27%
15 km² Lago di Varese
20%
11 km² Idrosee
19%
Keine übereinstimmenden Quizze gefunden
Verteilung der Resultate
Anzahl Personen mit jedem Resultat
Perzentil nach korrekt beantworteten Fragen
Ihre Resultats-Entwicklung
Sie haben dieses Quiz noch nicht gespielt